000 00462nam a22001691a 4500
020 _a8181431790
082 _aH100 9
_bKUM/B
245 _aBhakthi andolan:
_bithihas aur samskrithi/
_cby Kumvarpal Singh (ed.)
260 _aNew Delhi:
_bVani,
_c2008.
300 _a303p.
650 _aPoetry Bhakthi Period Criticism
650 _aPoetry Hindi Criticism
650 _aLiterature Hindi
650 _aLiterature
700 _aKumvarpal Singh (ed.)
942 _cBK
999 _c4660
_d4660